[Event "XIV Torneo Leonardo di Bona B"]
[Site "Cutro ITA"]
[Date "2008.04.29"]
[Round "5"]
[White "Catapano, Francesco"]
[Black "Manfredi, Candido"]
[Result "1-0"]
[WhiteElo "1757"]
[BlackElo "1644"]
[PlyCount "165"]
[EventDate "2008.04.25"]

1. e4 e5 2. Nf3 Nc6 3. g3 d6 4. Bg2 Nf6 5. d3 Be7 6. O-O O-O 7. c3 Bg4 8. Nbd2
Qd7 9. Re1 Nd8 10. Nf1 Ne6 11. Ne3 Bh5 12. Nf5 c6 13. Nxe7+ Qxe7 14. Qc2 h6 15.
Nh4 Nh7 16. Nf5 Qc7 17. h4 Bg6 18. Bh3 d5 19. exd5 cxd5 20. Qe2 Nc5 21. Qxe5
Qxe5 22. Rxe5 Nxd3 23. Rxd5 Nxc1 24. Ne7+ Kh8 25. Nxg6+ fxg6 26. Rxc1 Nf6 27.
Rd4 Rae8 28. Rc2 Re5 29. Bf1 g5 30. hxg5 Rxg5 31. Rcd2 Ng4 32. Rd8 Rgf5 33.
Rxf8+ Rxf8 34. Bh3 Ne5 35. Kg2 Nc4 36. Re2 Rd8 37. Bf5 Rf8 38. Bg6 Nd6 39. b3
Rf6 40. Bd3 Kg8 41. c4 Kf7 42. c5 Ne8 43. Bc4+ Kf8 44. Re3 Nc7 45. Rf3 Ke7 46.
Rxf6 Kxf6 47. Kf3 Ke5 48. Ke3 g5 49. g4 Ne8 50. b4 Nf6 51. f3 Nd7 52. Bb5 Nf6
53. Bc4 Nd7 54. a3 Nf6 55. b5 Nd7 56. c6 bxc6 57. bxc6 Nb6 58. Ba6 Nd5+ 59. Kf2
Kd6 60. Bb7 Kc5 61. Ke2 Kc4 62. Kd2 a5 63. Bc8 Kc5 64. Bd7 Kd6 65. Kd3 Nb6 66.
Kd4 Nd5 67. Kc4 a4 68. Kb5 Nf6 69. Kxa4 Nxd7 70. cxd7 Kxd7 71. Kb5 Kd6 72. Kb6
Ke5 73. a4 Kf4 74. a5 Kxf3 75. a6 Kxg4 76. a7 h5 77. a8=Q Kg3 78. Qa3+ Kh4 79.
Qb2 g4 80. Qh2+ Kg5 81. Kc5 h4 82. Qe5+ Kg6 83. Qf4 1-0

[Event "XIV Torneo Leonardo di Bona B"]
[Site "Cutro ITA"]
[Date "2008.04.29"]
[Round "5"]
[White "D'Elia, Mario Domenico"]
[Black "Scalise, Sandro"]
[Result "0-1"]
[WhiteElo "1446"]
[BlackElo "1604"]
[PlyCount "58"]
[EventDate "2008.04.25"]

1. f4 d6 2. Nf3 Nc6 3. e3 e5 4. fxe5 Nxe5 5. Be2 Nxf3+ 6. Bxf3 Qh4+ 7. g3 Qg5
8. Nc3 c6 9. d4 Nf6 10. e4 Qg6 11. O-O h5 12. Bf4 Bh3 13. Rf2 O-O-O 14. d5 h4
15. Rd2 hxg3 16. Bxg3 Nh5 17. Bxh5 Rxh5 18. Qe1 f5 19. dxc6 f4 20. Qf2 fxg3 21.
Qxa7 gxh2+ 22. Kh1 bxc6 23. Qa6+ Kd7 24. Qb7+ Ke6 25. Qxc6 Rc5 26. Nd5 Qxe4+
27. Kxh2 Rxc6 28. Kxh3 Qf3+ 29. Kh4 Rc4+ 0-1

[Event "XIV Torneo Leonardo di Bona B"]
[Site "Cutro ITA"]
[Date "2008.04.29"]
[Round "5"]
[White "Familari, Giuseppe"]
[Black "Ielapi, Vito"]
[Result "1/2-1/2"]
[WhiteElo "1801"]
[BlackElo "1929"]
[PlyCount "164"]
[EventDate "2008.04.25"]

1. d4 Nf6 2. Bg5 e6 3. e3 c5 4. Nf3 Nc6 5. c3 Be7 6. Bd3 b6 7. Nbd2 Bb7 8. O-O
Nd5 9. Ne4 f6 10. Bh4 O-O 11. Bg3 d6 12. c4 Ndb4 13. Bb1 d5 14. cxd5 Nxd5 15.
dxc5 f5 16. Nd6 Ba6 17. Re1 bxc5 18. Qa4 Qb6 19. Nc4 Bxc4 20. Qxc4 Qxb2 21.
Bxf5 Rxf5 22. e4 Rh5 23. exd5 exd5 24. Qg4 Rh6 25. Ne5 Qd4 26. Qd7 Rd8 27. Nxc6
Rxd7 28. Nxd4 cxd4 29. Rad1 Bc5 30. Rd3 Kf7 31. f3 Re6 32. Rxe6 Kxe6 33. Bf2
Rb7 34. Bxd4 Bxd4+ 35. Rxd4 Rb1+ 36. Kf2 Rb2+ 37. Kg3 Rxa2 38. Rb4 g6 39. Rb7
h5 40. Rg7 Kf6 41. Rd7 Ke5 42. f4+ Ke4 43. Re7+ Kd3 44. Re6 d4 45. Rxg6 Ra3 46.
Kh4 Kc2 47. f5 Rc3 48. f6 Rc8 49. f7 Rf8 50. Rc6+ Kd2 51. Rc7 a5 52. Kxh5 d3
53. Kg6 Ke2 54. Re7+ Kf2 55. Kg7 Rxf7+ 56. Rxf7+ Ke2 57. Re7+ Kf2 58. Rd7 Ke2
59. h4 a4 60. Re7+ Kf2 61. h5 d2 62. Rd7 Ke2 63. h6 a3 64. h7 a2 65. Ra7 d1=Q
66. Rxa2+ Kf1 67. h8=Q Qd4+ 68. Kh7 Qh4+ 69. Kg7 Qd4+ 70. Kh7 Qh4+ 71. Kg7 Qd4+
72. Kg8 Qd5+ 73. Kh7 Qf5+ 74. Kh6 Qe6+ 75. Kg5 Qxa2 76. g4 Qd2+ 77. Kg6 Qd3+
78. Kg5 Qe3+ 79. Kf5 Qf3+ 80. Kg5 Qe3+ 81. Kg6 Qe4+ 82. Kg5 Qe3+ 1/2-1/2

[Event "XIV Torneo Leonardo di Bona B"]
[Site "Cutro ITA"]
[Date "2008.04.29"]
[Round "5"]
[White "Garofalo, Massimo"]
[Black "Alvaro, Francesco"]
[Result "0-1"]
[WhiteElo "1745"]
[BlackElo "1557"]
[PlyCount "60"]
[EventDate "2008.04.25"]

1. e4 e5 2. Nf3 Nc6 3. Bc4 Bc5 4. O-O Nf6 5. d3 d6 6. c3 Bg4 7. Be3 Bb6 8. Nbd2
d5 9. Bb5 O-O 10. Bxc6 bxc6 11. Bg5 h6 12. Bh4 Qd6 13. Qa4 Nd7 14. exd5 Bxf3
15. Nxf3 cxd5 16. Bg3 f5 17. h3 f4 18. Bh2 Nc5 19. Qc2 e4 20. dxe4 dxe4 21. Nd4
Rae8 22. a4 Nd3 23. Ne2 Qg6 24. a5 f3 25. Ng3 Bxf2+ 26. Rxf2 Nxf2 27. Rf1 Nd3
28. gxf3 exf3 29. Rd1 f2+ 30. Kh1 Qc6+ 0-1

[Event "XIV Torneo Leonardo di Bona B"]
[Site "Cutro ITA"]
[Date "2008.04.29"]
[Round "5"]
[White "Longo, Giuseppe"]
[Black "Paragliola, Gennaro"]
[Result "1/2-1/2"]
[WhiteElo "1700"]
[BlackElo "1615"]
[PlyCount "152"]
[EventDate "2008.04.25"]

1. d4 Nf6 2. Nf3 g6 3. e3 d5 4. c3 Bg7 5. Bd3 O-O 6. O-O Nbd7 7. Nbd2 c5 8. Re1
Re8 9. e4 dxe4 10. Nxe4 b6 11. Bc4 Bb7 12. Neg5 Nd5 13. Qe2 e6 14. Ne4 N7f6 15.
Bg5 h6 16. Bh4 a6 17. Rad1 Nf4 18. Qc2 g5 19. Bg3 Bxe4 20. Rxe4 Nxe4 21. Qxe4
b5 22. Bb3 c4 23. Bc2 f5 24. Qe3 Nd5 25. Qe2 f4 26. Qe4 fxg3 27. fxg3 Nf6 28.
Qg6 Ng4 29. Qe4 Nf6 30. Qg6 Qc7 31. Ne5 Re7 32. Rf1 Rf8 33. Ng4 Kh8 34. Nxf6
Bxf6 35. Qxh6+ Kg8 36. Rxf6 Rxf6 37. Qxf6 e5 38. Qg6+ Kf8 39. Qf6+ Rf7 40. Qxg5
exd4 41. Qh6+ Ke7 42. Qh4+ Kf8 43. Qh8+ Ke7 44. Qxd4 Qd6 45. Qa7+ Kf6 46. Qd4+
Ke7 47. Qe3+ Kf8 48. h3 Re7 49. Qf3+ Rf7 50. Qe3 Qf6 51. Qc5+ Re7 52. Qf2 Kg7
53. Qxf6+ Kxf6 54. Kf2 Kg5 55. h4+ Kh6 56. g4 Rd7 57. Ke3 Re7+ 58. Be4 a5 59.
Kd4 Re6 60. Kd5 Re7 61. Bf3 Re1 62. Kc5 Re5+ 63. Kb6 b4 64. cxb4 axb4 65. Kc6
c3 66. bxc3 bxc3 67. Bd1 Re1 68. g5+ Kg7 69. Bb3 Ra1 70. a4 Ra2 71. Kb5 Rb2 72.
Kc4 c2 73. Bxc2 Rxc2+ 74. Kb4 Rxg2 75. a5 Rb2+ 76. Kc5 Rc2+ 1/2-1/2

[Event "XIV Torneo Leonardo di Bona B"]
[Site "Cutro ITA"]
[Date "2008.04.29"]
[Round "5"]
[White "Macri', Giuseppe"]
[Black "Sansosti, Simona"]
[Result "0-1"]
[WhiteElo "1431"]
[BlackElo "1452"]
[PlyCount "75"]
[EventDate "2008.04.25"]

1. d4 d5 2. c4 e6 3. Nc3 Bb4 4. Bd2 Nf6 5. Nf3 O-O 6. e3 Nbd7 7. cxd5 Nxd5 8.
Bd3 c5 9. Nxd5 Bxd2+ 10. Qxd2 exd5 11. dxc5 Nxc5 12. Bc2 Ne4 13. Bxe4 dxe4 14.
Nd4 Qg5 15. O-O Bh3 16. f3 Rad8 17. Rf2 Bf5 18. Raf1 h5 19. fxe4 Bxe4 20. Rf4
Bh7 21. Qf2 Qd5 22. Nf5 Bxf5 23. Rxf5 Qxa2 24. Rxh5 Rd5 25. Rh3 Rd6 26. e4 Re6
27. e5 f5 28. exf6 Rexf6 29. Rf3 b5 30. h3 b4 31. Qe3 a5 32. Rxf6 Rxf6 33. Rxf6
gxf6 34. b3 Qa1+ 35. Kh2 Qe5+ 36. Qg3+ Qxg3+ 37. Kxg3 a4 38. bxa4 0-1

[Event "XIV Torneo Leonardo di Bona B"]
[Site "Cutro ITA"]
[Date "2008.04.29"]
[Round "5"]
[White "Morelli, Gaetano"]
[Black "Piccoli, Vincenzo"]
[Result "0-1"]
[WhiteElo "1930"]
[BlackElo "1939"]
[PlyCount "102"]
[EventDate "2008.04.25"]

1. e4 c5 2. Nf3 d6 3. d4 cxd4 4. Nxd4 Nf6 5. Nc3 a6 6. Bc4 e6 7. Be3 Nbd7 8. f4
b5 9. Bxe6 fxe6 10. Nxe6 Qa5 11. Nxf8 Nxf8 12. Qxd6 Qd8 13. Qb4 Be6 14. f5 Bc4
15. Bg5 a5 16. Qc5 N8d7 17. Qd6 Qb6 18. Qxb6 Nxb6 19. e5 Ng4 20. O-O-O Nf2 21.
Be3 Nxd1 22. Bxb6 Nxc3 23. bxc3 O-O 24. g4 Bxa2 25. h4 a4 26. Kb2 Bd5 27. Rg1
a3+ 28. Ka1 Rac8 29. Ba5 Be4 30. e6 Ra8 31. Bb4 Rfe8 32. Re1 Bxc2 33. e7 Bb3
34. g5 Kf7 35. h5 h6 36. Rg1 Ra6 37. f6 hxg5 38. fxg7 Kxg7 39. Rxg5+ Kh6 40.
Rxb5 a2 41. Bd6 Bc4 42. Rb4 Bf7 43. Rf4 Rb8 44. Bb4 Bxh5 45. Rf2 Rg8 46. Rf1
Rg2 47. Bc5 Re6 48. c4 Bg6 49. Ba3 Rb6 50. Rh1+ Kg5 51. Bc1+ Kg4 0-1

[Event "XIV Torneo Leonardo di Bona B"]
[Site "Cutro ITA"]
[Date "2008.04.29"]
[Round "5"]
[White "Olivo, Paolo"]
[Black "Olivo, Gaetano"]
[Result "0-1"]
[WhiteElo "1616"]
[BlackElo "1562"]
[PlyCount "55"]
[EventDate "2008.04.25"]

1. e4 e6 2. d4 d5 3. Nc3 a6 4. e5 c5 5. Nf3 Nc6 6. Ne2 cxd4 7. Nexd4 Nge7 8.
Bd3 Qb6 9. c3 Bd7 10. Qc2 h6 11. Be3 Qc7 12. Bf4 Rc8 13. O-O Nxd4 14. Nxd4 Nc6
15. Qe2 b5 16. a4 Nxd4 17. cxd4 Qb6 18. Be3 Be7 19. a5 Qd8 20. Qg4 Bg5 21. f4
h5 22. Qh3 Be7 23. f5 exf5 24. Bxf5 g6 25. Bxd7+ Qxd7 26. Qxd7+ Kxd7 27. Rxf7
Rhg8 28. Bg5 0-1

[Event "XIV Torneo Leonardo di Bona B"]
[Site "Cutro ITA"]
[Date "2008.04.29"]
[Round "5"]
[White "Policastrese, Salvatore"]
[Black "Macri', Pasquale"]
[Result "1-0"]
[WhiteElo "1446"]
[BlackElo "1431"]
[PlyCount "49"]
[EventDate "2008.04.25"]

1. e4 e5 2. Nf3 Nc6 3. Bc4 h6 4. O-O d6 5. h3 f5 6. Nc3 f4 7. d4 Qf6 8. Nd5 Qg6
9. Kh1 Qf7 10. Bb5 Nf6 11. dxe5 a6 12. Bxc6+ bxc6 13. exf6 cxd5 14. fxg7 Qxg7
15. exd5 Rg8 16. Rg1 Bf5 17. c3 Kd8 18. Bxf4 Be4 19. g3 Qd7 20. g4 h5 21. Re1
Bxf3+ 22. Qxf3 hxg4 23. hxg4 Rh8+ 24. Kg1 Rh4 25. Bg5+ 1-0

[Event "XIV Torneo Leonardo di Bona B"]
[Site "Cutro ITA"]
[Date "2008.04.29"]
[Round "5"]
[White "Scerra, Ezio"]
[Black "Olivo, Ilaria"]
[Result "1/2-1/2"]
[WhiteElo "1311"]
[BlackElo "1500"]
[PlyCount "81"]
[EventDate "2008.04.25"]

1. c4 Nf6 2. Nc3 e6 3. b3 Bb4 4. Nf3 d5 5. e3 c5 6. a3 Ba5 7. b4 cxb4 8. axb4
Bxb4 9. Nd4 e5 10. Qa4+ Qd7 11. Qxd7+ Bxd7 12. Ndb5 Bxb5 13. Nxb5 Kd7 14. Ba3
Bxa3 15. Rxa3 a6 16. Nc3 dxc4 17. Bxc4 Ke7 18. Nd5+ Nxd5 19. Bxd5 Nc6 20. O-O
Rhd8 21. e4 g6 22. f4 exf4 23. Rxf4 f5 24. Rb3 Rab8 25. Bxc6 bxc6 26. Rxb8 Rxb8
27. exf5 gxf5 28. Rxf5 Rd8 29. Re5+ Kf7 30. Rc5 Rxd2 31. Rxc6 Ra2 32. h4 a5 33.
h5 a4 34. Rc7+ Kg8 35. h6 Rb2 36. Ra7 Rb6 37. Rxa4 Rxh6 38. Rg4+ Rg6 39. Rh4
Kg7 40. Kh2 h6 41. Kh3 1/2-1/2

[Event "XIV Torneo Leonardo di Bona B"]
[Site "Cutro ITA"]
[Date "2008.04.29"]
[Round "5"]
[White "Soluri, Francesco"]
[Black "Alo', Lucio"]
[Result "1-0"]
[WhiteElo "1452"]
[BlackElo "1439"]
[PlyCount "77"]
[EventDate "2008.04.25"]

1. d4 d5 2. c3 Bf5 3. Nf3 e6 4. Bf4 Nf6 5. Nbd2 c5 6. e3 a6 7. h3 Nc6 8. Be2
Be7 9. O-O O-O 10. Ne5 Qb6 11. b3 cxd4 12. exd4 Nxe5 13. Bxe5 Ne4 14. Nxe4 Bxe4
15. Bf3 Bg6 16. Re1 Ba3 17. Qd2 Rac8 18. Be2 Qa5 19. b4 Qb6 20. Bd3 Bxd3 21.
Qxd3 a5 22. b5 Bb2 23. Qg3 f6 24. Bd6 Rxc3 25. Qf4 g5 26. Qh2 Bxa1 27. Bxf8 Rc8
28. Bc5 Qxb5 29. Rxa1 b6 30. Be7 Qb2 31. Qd6 Qxa1+ 32. Kh2 Qe1 33. Bxf6 Qe4 34.
Be5 Qf5 35. Qd7 Kf8 36. Qxc8+ Kf7 37. Qc7+ Kg6 38. Qg7+ Kh5 39. g4+ 1-0

[Event "XIV Torneo Leonardo di Bona B"]
[Site "Cutro ITA"]
[Date "2008.04.29"]
[Round "5"]
[White "Todic, Simo"]
[Black "Grano, Giuseppe"]
[Result "1-0"]
[WhiteElo "1748"]
[BlackElo "1733"]
[PlyCount "129"]
[EventDate "2008.04.25"]

1. e4 c5 2. Nf3 d6 3. d4 cxd4 4. Nxd4 Nf6 5. Nc3 a6 6. Bg5 e5 7. Nb3 Be7 8. a4
Be6 9. Be2 Nc6 10. Bxf6 Bxf6 11. Nd5 Be7 12. O-O O-O 13. c3 Rc8 14. Nd2 f5 15.
Nxe7+ Nxe7 16. Re1 Kh8 17. Qc2 Qb6 18. Rad1 Rf6 19. Bf3 f4 20. Qd3 Ng6 21. Nf1
Bc4 22. Qb1 Nh4 23. Nd2 Rg6 24. a5 Qd8 25. Kh1 Qg5 26. Rg1 Be6 27. Qd3 Qh6 28.
g3 Nxf3 29. Nxf3 Bg4 30. Nxe5 Be6 31. Nxg6+ hxg6 32. Qxd6 Bg4 33. Qxf4 Qh5 34.
Rd3 g5 35. Qe3 Rf8 36. Qd2 Bf3+ 37. Rxf3 Qxf3+ 38. Rg2 Qxe4 39. h3 Qe5 40. b4
Rc8 41. Rg1 Qe4+ 42. Kh2 g4 43. Re1 Qh7 44. h4 Qf5 45. Qd4 Rf8 46. Kg2 Qf3+ 47.
Kg1 Rc8 48. Re7 Qxc3 49. Qxc3 Rxc3 50. Rxb7 Rc4 51. Rb6 Kh7 52. Kf1 Re4 53.
Rxa6 Rxb4 54. Rb6 Re4 55. a6 Re8 56. a7 Ra8 57. Rb7 Kg6 58. Ke2 Kf6 59. Ke3 g5
60. h5 Re8+ 61. Kd3 Rd8+ 62. Ke2 Re8+ 63. Kf1 Ra8 64. h6 Kg6 65. h7 1-0

[Event "XIV Torneo Leonardo di Bona B"]
[Site "Cutro ITA"]
[Date "2008.04.29"]
[Round "5"]
[White "Valotta, Massimiliano"]
[Black "Frontera, Domenico"]
[Result "1-0"]
[WhiteElo "1896"]
[BlackElo "1659"]
[PlyCount "51"]
[EventDate "2008.04.25"]

1. d4 d5 2. c4 e6 3. Nf3 Nf6 4. Bg5 Be7 5. e3 Nbd7 6. c5 Ne4 7. Bf4 c6 8. Nc3
Qa5 9. Qa4 Bd8 10. Qxa5 Bxa5 11. Rc1 Nxc3 12. bxc3 b6 13. Bd6 bxc5 14. dxc5 f6
15. Nd4 Ne5 16. Bxe5 fxe5 17. Nxc6 Bc7 18. Nb4 a5 19. Bb5+ Kf7 20. Nc6 Ba6 21.
a4 Bb7 22. O-O e4 23. f3 exf3 24. Rxf3+ Kg6 25. Nd4 e5 26. Rg3+ 1-0

[Event "XIV Torneo Leonardo di Bona B"]
[Site "Cutro ITA"]
[Date "2008.04.29"]
[Round "5"]
[White "Virelli, Salvatore"]
[Black "Bruno, Elio"]
[Result "0-1"]
[WhiteElo "1509"]
[BlackElo "1646"]
[PlyCount "82"]
[EventDate "2008.04.25"]

1. e4 c5 2. Nf3 d6 3. d4 cxd4 4. Nxd4 g6 5. Be3 a6 6. Bc4 Bg7 7. O-O Nf6 8. Nd2
O-O 9. c3 Bd7 10. f3 Qb6 11. Nf5 Qd8 12. Nxg7 Kxg7 13. Bg5 Qb6+ 14. Kh1 Qxb2
15. Qc1 Qb6 16. Rb1 Qc7 17. Bb3 b5 18. Re1 h6 19. Be3 Nc6 20. c4 b4 21. Nf1 Rh8
22. Qb2 Ne5 23. Qc2 a5 24. c5 dxc5 25. Qxc5 Qxc5 26. Bxc5 Nd3 27. Bxe7 Nxe1 28.
Rxe1 Rhe8 29. Bxf6+ Kxf6 30. Ne3 Be6 31. Bd5 Red8 32. Bxa8 Rxa8 33. Nd5+ Bxd5
34. exd5 Rd8 35. Rd1 Ke5 36. Re1+ Kd6 37. Kg1 Rd7 38. f4 Kc5 39. Re5 Rxd5 40.
Kf2 Rxe5 41. fxe5 Kc4 0-1

[Event "XIV Torneo Leonardo di Bona B"]
[Site "Cutro ITA"]
[Date "2008.04.30"]
[Round "6"]
[White "Alo', Lucio"]
[Black "Sansosti, Simona"]
[Result "1-0"]
[WhiteElo "1439"]
[BlackElo "1452"]
[PlyCount "69"]
[EventDate "2008.04.25"]

1. e4 e5 2. c3 Nc6 3. Bc4 Nf6 4. d3 Be7 5. Nf3 O-O 6. O-O d6 7. h3 b6 8. Nbd2
Bb7 9. a3 Rb8 10. b4 a6 11. Nh2 Qd7 12. Ndf3 h6 13. Qe2 d5 14. exd5 Nxd5 15.
Bd2 Bf6 16. Ng4 Rfe8 17. Bxh6 Nxc3 18. Qc2 e4 19. Nxf6+ gxf6 20. Qxc3 Ne5 21.
Nxe5 Rxe5 22. d4 Rh5 23. Qg3+ Rg5 24. Bxg5 fxg5 25. Qxg5+ Kf8 26. Qh6+ Ke7 27.
Qh7 Rf8 28. d5 Kd8 29. Qxe4 c6 30. dxc6 Qxc6 31. Rfd1+ Kc7 32. Bd5 Qe8 33. Qf4+
Kc8 34. Rac1+ Kd7 35. Qc7# 1-0

[Event "XIV Torneo Leonardo di Bona B"]
[Site "Cutro ITA"]
[Date "2008.04.30"]
[Round "6"]
[White "Alvaro, Francesco"]
[Black "Familari, Giuseppe"]
[Result "1-0"]
[WhiteElo "1557"]
[BlackElo "1801"]
[PlyCount "99"]
[EventDate "2008.04.25"]

1. e4 d6 2. d4 Nf6 3. Nc3 c6 4. Nf3 Qc7 5. Bf4 e6 6. e5 Nd5 7. exd6 Bxd6 8.
Bxd6 Qxd6 9. Bd3 b6 10. O-O Bb7 11. Ne4 Qe7 12. c4 Nf6 13. Qc2 Nbd7 14. b4 c5
15. bxc5 bxc5 16. d5 exd5 17. Nxf6+ Qxf6 18. Rfe1+ Kf8 19. cxd5 Bxd5 20. Be4
Qc6 21. Bxd5 Qxd5 22. Rad1 Qc6 23. Rd2 Re8 24. Rde2 Rxe2 25. Qxe2 g6 26. Qe7+
Kg7 27. Ng5 Qd5 28. Ne6+ Kh6 29. Qxf7 Qd2 30. Qg7+ Kh5 31. g4+ Kxg4 32. Re4+
Kf3 33. Re3+ Qxe3 34. fxe3 Rb8 35. Qf7+ Kxe3 36. Qf4+ Ke2 37. Qf2+ Kd3 38. Nf4+
Kc4 39. Qc2+ Kb5 40. Qd3+ Ka5 41. Qd2+ Ka6 42. Qxd7 Rb1+ 43. Kg2 Rb2+ 44. Kf3
Rxa2 45. Qd3+ Ka5 46. Qc3+ Ka4 47. Qc4+ Ka3 48. Qxc5+ Kb3 49. Nd3 Ra4 50. Qb5+
1-0

[Event "XIV Torneo Leonardo di Bona B"]
[Site "Cutro ITA"]
[Date "2008.04.30"]
[Round "6"]
[White "Bruno, Elio"]
[Black "Soluri, Francesco"]
[Result "1-0"]
[WhiteElo "1646"]
[BlackElo "1452"]
[PlyCount "61"]
[EventDate "2008.04.25"]

1. d4 d5 2. c4 e6 3. Nc3 Nf6 4. Bg5 Be7 5. e3 O-O 6. Nf3 Nbd7 7. c5 c6 8. Bd3
Re8 9. Qc2 Nf8 10. h4 Nh5 11. Bxe7 Qxe7 12. g4 Nf6 13. g5 Nh5 14. O-O-O g6 15.
Ne5 Kg7 16. Rh3 Nd7 17. f4 Nxe5 18. fxe5 Bd7 19. Rf1 Rf8 20. Be2 Kg8 21. Bxh5
gxh5 22. Rf6 Kg7 23. Rh6 Rh8 24. Rf3 Raf8 25. Rff6 Be8 26. Rxh5 Kg8 27. Rfh6 f5
28. exf6 Rxf6 29. gxf6 Qf7 30. Rg5+ Kf8 31. Rg7 1-0

[Event "XIV Torneo Leonardo di Bona B"]
[Site "Cutro ITA"]
[Date "2008.04.30"]
[Round "6"]
[White "Frontera, Domenico"]
[Black "De Rasis, Giovanni"]
[Result "0-1"]
[WhiteElo "1659"]
[BlackElo "1743"]
[PlyCount "75"]
[EventDate "2008.04.25"]

1. e4 c6 2. d4 d5 3. exd5 cxd5 4. Bd3 Nf6 5. Nf3 Bg4 6. Bf4 Nc6 7. c3 e6 8.
Nbd2 Bd6 9. Bxd6 Qxd6 10. O-O Rc8 11. Re1 O-O 12. Qb1 h6 13. Ne5 a6 14. Nxg4
Nxg4 15. Nf3 b5 16. h3 Nf6 17. a3 Na5 18. Ne5 Nb3 19. Ra2 Nd2 20. Qc2 Nde4 21.
Qe2 Qb6 22. f3 Ng3 23. Qf2 Nf5 24. Bxf5 exf5 25. Nd3 Qd6 26. Re5 g6 27. Qh4 Kh7
28. Ra1 g5 29. Qf2 g4 30. fxg4 fxg4 31. Qf5+ Kh8 32. Rf1 Ne4 33. Rxd5 Qc6 34.
Qe5+ f6 35. Qxe4 Rce8 36. Qf5 gxh3 37. Qh5 f5 38. Rdxf5 0-1

[Event "XIV Torneo Leonardo di Bona B"]
[Site "Cutro ITA"]
[Date "2008.04.30"]
[Round "6"]
[White "Ielapi, Gianbattista"]
[Black "Garofalo, Massimo"]
[Result "0-1"]
[WhiteElo "1602"]
[BlackElo "1745"]
[PlyCount "50"]
[EventDate "2008.04.25"]

1. d4 Nf6 2. Nf3 d5 3. e3 Bg4 4. Nbd2 Nbd7 5. h3 Bh5 6. Bd3 Bg6 7. Bxg6 hxg6 8.
Nf1 e6 9. Ng3 Bd6 10. Qd3 c6 11. e4 Bxg3 12. e5 Bxf2+ 13. Kxf2 Ne4+ 14. Ke1 f5
15. Bf4 Qe7 16. h4 Qb4+ 17. Nd2 Nxd2 18. Bxd2 Qxb2 19. Rc1 Qb5 20. Qg3 Kf7 21.
Kf2 Qc4 22. Ke3 c5 23. c3 Qxa2 24. h5 Rxh5 25. Rxh5 gxh5 0-1

[Event "XIV Torneo Leonardo di Bona B"]
[Site "Cutro ITA"]
[Date "2008.04.30"]
[Round "6"]
[White "Luvera', Filippo"]
[Black "Todic, Simo"]
[Result "1-0"]
[WhiteElo "1838"]
[BlackElo "1748"]
[PlyCount "65"]
[EventDate "2008.04.25"]

1. e4 c5 2. c3 d6 3. d4 Nf6 4. dxc5 dxc5 5. Qxd8+ Kxd8 6. f3 Nc6 7. Be3 e6 8.
Nd2 Bd7 9. O-O-O Kc7 10. Nh3 h6 11. g4 g5 12. Be2 Rd8 13. Nf2 Be7 14. Nd3 b6
15. Nc4 Be8 16. Bf2 Kb7 17. Bg3 Nd7 18. h4 gxh4 19. Bxh4 Bxh4 20. Rxh4 b5 21.
Nd6+ Kb6 22. Nf4 Nde5 23. Rh3 a6 24. Nxe8 Rdxe8 25. Rdh1 f5 26. gxf5 exf5 27.
Rxh6 Rxh6 28. Rxh6 fxe4 29. Nd5+ Ka5 30. f4 Nd3+ 31. Bxd3 exd3 32. Rxc6 c4 33.
Rxa6+ 1-0

[Event "XIV Torneo Leonardo di Bona B"]
[Site "Cutro ITA"]
[Date "2008.04.30"]
[Round "6"]
[White "Manfredi, Candido"]
[Black "Longo, Giuseppe"]
[Result "1-0"]
[WhiteElo "1644"]
[BlackElo "1700"]
[PlyCount "101"]
[EventDate "2008.04.25"]

1. e4 c6 2. f4 e6 3. Nf3 d5 4. e5 Ne7 5. d4 Nf5 6. Bd3 Ne7 7. O-O Nd7 8. Nc3 a6
9. Ne2 c5 10. c3 cxd4 11. cxd4 h6 12. Ng3 Nc6 13. a3 Be7 14. Be3 O-O 15. f5 Bh4
16. Nh5 Bg5 17. Nxg5 hxg5 18. Qg4 f6 19. fxe6 Ndxe5 20. dxe5 Nxe5 21. Qf5 Nxd3
22. Qxd3 Bxe6 23. Rad1 Bg4 24. Qg6 Bxh5 25. Qxh5 Qe7 26. Qf3 Rad8 27. b4 Qe6
28. Bc5 Rf7 29. Qf5 Qxf5 30. Rxf5 Rfd7 31. Bb6 Re8 32. Rfxd5 Rde7 33. a4 Re2
34. Rd8 Kf7 35. Rxe8 Kxe8 36. Kf1 Ra2 37. a5 g4 38. Re1+ Kf7 39. Bc5 g5 40. Re2
Ra1+ 41. Kf2 Kg6 42. Kg3 Ra3+ 43. Kf2 Kf5 44. Re1 Ra2+ 45. Kg1 Rd2 46. Be7 Kg6
47. Re6 Kf7 48. Re4 f5 49. Re1 Rb2 50. Kf1 f4 51. Bc5 1-0

[Event "XIV Torneo Leonardo di Bona B"]
[Site "Cutro ITA"]
[Date "2008.04.30"]
[Round "6"]
[White "Mercurio, Rosario"]
[Black "Macri', Giuseppe"]
[Result "1-0"]
[WhiteElo "1360"]
[BlackElo "1431"]
[PlyCount "54"]
[EventDate "2008.04.25"]

1. c4 Nf6 2. Nc3 e5 3. e3 Bc5 4. Nge2 Nc6 5. a3 O-O 6. d4 exd4 7. exd4 Be7 8.
d5 Ne5 9. Nd4 d6 10. Be2 Bg4 11. O-O Bxe2 12. Qxe2 Re8 13. b3 c5 14. dxc6 bxc6
15. Qb2 Qc7 16. Bf4 Nd3 17. Qd2 Nxf4 18. Qxf4 g6 19. Nf3 Nh5 20. Qd2 Bf6 21.
Rad1 Ng7 22. Rfe1 Qa5 23. Ne4 Qxd2 24. Nxf6+ Kf8 25. Nxd2 Re6 26. Nxh7+ Kg8 27.
Ng5 Re5 1-0

[Event "XIV Torneo Leonardo di Bona B"]
[Site "Cutro ITA"]
[Date "2008.04.30"]
[Round "6"]
[White "Olivo, Gaetano"]
[Black "Grano, Giuseppe"]
[Result "0-1"]
[WhiteElo "1562"]
[BlackElo "1733"]
[PlyCount "78"]
[EventDate "2008.04.25"]

1. e4 c5 2. Nf3 d6 3. d4 cxd4 4. Nxd4 Nf6 5. Nc3 a6 6. Be2 e5 7. Nf3 h6 8. h3
Nc6 9. a3 Be6 10. O-O Be7 11. Re1 O-O 12. Bf1 Rc8 13. Nd5 Bxd5 14. exd5 Na5 15.
Nh4 Qd7 16. Nf3 Rc5 17. c4 Nxc4 18. Bxc4 Rxc4 19. Be3 Rfc8 20. b3 Rc2 21. a4
Qc7 22. a5 Qd7 23. Ra4 Qf5 24. Nh4 Qh7 25. Kh2 Bf8 26. Rb4 R2c7 27. Qf3 Re8 28.
Rd1 Kh8 29. Nf5 e4 30. Qf4 g5 31. Qg3 Qxf5 32. Bd4 Kh7 33. Bxf6 Qxf6 34. Qg4
Qf4+ 35. Qxf4 gxf4 36. Rdd4 e3 37. fxe3 fxe3 38. Rd1 Bg7 39. Rg4 e2 0-1

[Event "XIV Torneo Leonardo di Bona B"]
[Site "Cutro ITA"]
[Date "2008.04.30"]
[Round "6"]
[White "Olivo, Ilaria"]
[Black "Camposano, Antonio"]
[Result "0-1"]
[WhiteElo "1500"]
[BlackElo "1302"]
[PlyCount "59"]
[EventDate "2008.04.25"]

1. e4 e5 2. Nf3 d6 3. h3 Be7 4. c3 Nd7 5. d4 Ngf6 6. Nbd2 O-O 7. Bc4 a6 8. O-O
h6 9. Re1 Re8 10. Nf1 b6 11. Ng3 Nh7 12. Bd2 Bg5 13. Bxg5 Nxg5 14. b4 Nxf3+ 15.
Qxf3 Qf6 16. Qe2 g6 17. Rad1 b5 18. Bd5 Rb8 19. Qe3 Kg7 20. Qe2 Nb6 21. Bb3 Be6
22. Bxe6 Qxe6 23. d5 Qd7 24. Rf1 Na4 25. Rd3 f6 26. f4 exf4 27. Rxf4 Re5 28.
Qf2 Rf8 29. Rdf3 Qe7 30. Rxf6 0-1

[Event "XIV Torneo Leonardo di Bona B"]
[Site "Cutro ITA"]
[Date "2008.04.30"]
[Round "6"]
[White "Olivo, Paolo"]
[Black "Policastrese, Salvatore"]
[Result "1-0"]
[WhiteElo "1616"]
[BlackElo "1446"]
[PlyCount "65"]
[EventDate "2008.04.25"]

1. e4 e5 2. Nf3 Nc6 3. Bb5 d6 4. O-O a6 5. Ba4 Nf6 6. Re1 Be7 7. c3 O-O 8. h3
b5 9. Bc2 d5 10. exd5 Qxd5 11. d3 h6 12. Nbd2 Bf5 13. Nf1 e4 14. Ne3 Qd7 15.
Nxf5 Qxf5 16. dxe4 Qd7 17. Bf4 Rac8 18. Qe2 Bc5 19. Rad1 Qe7 20. Nd4 Nxd4 21.
cxd4 Bb4 22. Bd2 Bxd2 23. Rxd2 Rfe8 24. e5 Nd5 25. Qe4 Qd7 26. Qh7+ Kf8 27. Bf5
Re6 28. Bxe6 Qxe6 29. Qh8+ Ke7 30. Qxg7 Nf4 31. Re4 Qf5 32. Qf6+ Qxf6 33. exf6+
1-0

[Event "XIV Torneo Leonardo di Bona B"]
[Site "Cutro ITA"]
[Date "2008.04.30"]
[Round "6"]
[White "Piccoli, Vincenzo"]
[Black "Ielapi, Vito"]
[Result "1-0"]
[WhiteElo "1939"]
[BlackElo "1929"]
[PlyCount "127"]
[EventDate "2008.04.25"]

1. e4 d5 2. exd5 Qxd5 3. Nf3 Nf6 4. Be2 a6 5. O-O Bg4 6. d4 e6 7. h3 Bh5 8. c4
Qd8 9. Nc3 Be7 10. Be3 O-O 11. g4 Bg6 12. Ne5 Nfd7 13. Nxg6 hxg6 14. Bf3 c6 15.
Qe2 Bg5 16. Bxg5 Qxg5 17. Ne4 Qf4 18. Rad1 a5 19. Bg2 Na6 20. Rd3 Nf6 21. Nxf6+
Qxf6 22. a3 Nc7 23. Rfd1 Qf4 24. Qe5 g5 25. Qc5 Ne8 26. Rf3 Qd6 27. Qxg5 f6 28.
Qh5 Qe7 29. Re3 Nc7 30. Be4 g5 31. h4 Qf7 32. Bg6 Qg7 33. hxg5 fxg5 34. Rh3 Rf6
35. Bc2 Raf8 36. Rd2 Rf4 37. Bh7+ Kh8 38. Bg6+ Kg8 39. Qxg5 R8f6 40. Bh7+ Kf8
41. Qxg7+ Kxg7 42. Bc2 Rxg4+ 43. Rg3 Rxg3+ 44. fxg3 Ne8 45. Kg2 Nd6 46. Bd3 Nf5
47. Bxf5 Rxf5 48. Rf2 Rg5 49. Rf4 e5 50. Re4 exd4 51. Rxd4 b5 52. Kf3 Rf5+ 53.
Rf4 Rc5 54. b4 axb4 55. axb4 Re5 56. c5 Re1 57. Re4 Rb1 58. Kg4 Rc1 59. Kf5
Rf1+ 60. Ke5 Rc1 61. Kd6 Rc4 62. Rf4 Rc3 63. Kxc6 Rxg3 64. Kxb5 1-0